000 01234nam a2200277 i 4500
001 bg
100 1 _aŻAK, Magdalena
245 1 0 _aWystępowanie benzenu i jego pochodnych alkilowych w powietrzu atmosferycznym na obszarach miejskich ze szczególnym uwzględnieniem rejonów tras komunikacyjnych /
_cMagdalena Żak, Jan Konieczyński, Krzysztof Klejnowski.
260 _aZabrze :
_bIPIiŚ PAN,
_c2005.
300 _a164 s. :
_bwykr. (w tym kolor.) ;
_c24 cm.
490 1 _aPrace i Studia / Instytut Podstaw Inżynierii Środowiska Polskiej Akademii Nauk =
_aWorks & Studies / Institute of Environmental Engineering of the Polish Academy of Sciences,
_x0208-4112 ;
_vno. 64
504 _aBibliogr.
650 9 _aPowietrze
_xdegradacja
_xbadanie
650 9 _aBenzen
_xzwiązki
_xwpływ na środowisko
650 9 _aSpaliny
_xwpływ na środowisko
_xbadanie
700 1 _aKONIECZYŃSKI, Jan
700 1 _aKLEJNOWSKI, Krzysztof
830 0 _aPrace i Studia (Instytut Podstaw Inżynierii Środowiska Polskiej Akademii Nauk) ;
_vno. 64
020 _a8392151453
040 _cBPK
041 0 _apol
_beng
080 _a504.3.054:662.6/.7:547
920 _a83-921514-5-3
942 _cKS
008 s pl f |000 0 pol
999 _c51578
_d51578
856 _uhttp://koha.tu.koszalin.pl/cgi-bin/koha/opac-detail.pl?biblionumber=51578
_yKatalog online BPK